000 00765nam a2200289Ia 4500
005 20260324113208.0
008 008 260324s9999 xx 000 0 eng d
020 _a9781003436867
037 _aEBOOK
040 _aCRL
040 _beng
040 _cCRL
041 _2eng
041 _aeng
084 _qCRL
100 _aNobuki Kawasaki; Takeshi Sakade; Hubert Zimmermann
_91145803
245 0 _aUS Hegemony, American Troops Abroad and Burden-Sharing
245 0 _bWest Europe and East Asia during and after the Cold War
260 _bTaylor and Francis
260 _c2024
365 _a
365 _b220
856 _uhttp://www.taylorfrancis.com/books/9781003436867
942 _cEBOOK
999 _c1735327
_d1735327